| 000 | 01000nam a2200313 a 4500 | ||
|---|---|---|---|
| 001 | 75021 | ||
| 003 | BD-RjUL | ||
| 005 | 20211209082632.0 | ||
| 008 | 190110r20162007caua b 001 0 eng d | ||
| 020 | _a9788131525579 | ||
| 020 | _a9780495012016 | ||
| 020 | _a0495012017 | ||
| 035 | _a(BD-RjUL)75239 | ||
| 040 |
_aDLC _cDLC _dDLC _dBD-RjUL _beng |
||
| 041 | _aeng | ||
| 082 | 0 | 0 |
_a543.19 _222 _bSKP 2016 |
| 100 | 1 |
_aSkoog, Douglas A. _9226830 |
|
| 245 | 1 | 0 |
_aPrinciples of instrumental analysis / _cDouglas A. Skoog, F. James Holler, Stanley R. Crouch. |
| 250 | _a6th ed. / | ||
| 260 |
_aBelmont, CA ; _aNew Delhi : _bThomson Brooks/Cole, _cc2007 [Reprinted 2016]. |
||
| 300 |
_axv, 1029 p. : _bill. ; _c25 cm. |
||
| 504 | _aIncludes bibliographical references and index. | ||
| 650 | 0 |
_aInstrumental analysis _vTextbooks. _9226831 |
|
| 700 | 1 |
_aHoller, F. James. _9226832 |
|
| 700 | 1 |
_aCrouch, Stanley R. _9226836 |
|
| 942 |
_2ddc _cBK |
||
| 999 |
_c75021 _d75021 |
||